Dissociation of Quarkonium in a Strong Electric Field; Journal of Experimental and Theoretical Physics; Vol. 126, iss. 5
| Parent link: | Journal of Experimental and Theoretical Physics: Scientific Journal Vol. 126, iss. 5.— 2018.— [P. 633-635] |
|---|---|
| 1. autor: | |
| Korporacja: | |
| Kolejni autorzy: | |
| Streszczenie: | Title screen The probability of tunnel decay of quarkonium (bond state of a heavy quark and a heavy antiquark) into free quarks in a strong electric field is estimated. Режим доступа: по договору с организацией-держателем ресурса |
| Język: | angielski |
| Wydane: |
2018
|
| Seria: | Nuclei, particles, fields, gravitation, and astrophysics |
| Hasła przedmiotowe: | |
| Dostęp online: | https://doi.org/10.1134/S1063776118040039 |
| Format: | Elektroniczne Rozdział |
| KOHA link: | https://koha.lib.tpu.ru/cgi-bin/koha/opac-detail.pl?biblionumber=658221 |
MARC
| LEADER | 00000naa0a2200000 4500 | ||
|---|---|---|---|
| 001 | 658221 | ||
| 005 | 20250128155026.0 | ||
| 035 | |a (RuTPU)RU\TPU\network\25540 | ||
| 090 | |a 658221 | ||
| 100 | |a 20180703d2018 k||y0rusy50 ba | ||
| 101 | 0 | |a eng | |
| 102 | |a US | ||
| 135 | |a drnn ---uucaa | ||
| 181 | 0 | |a i | |
| 182 | 0 | |a b | |
| 200 | 1 | |a Dissociation of Quarkonium in a Strong Electric Field |f A. Ishkhanyan, V. P. Kraynov | |
| 203 | |a Text |c electronic | ||
| 225 | 1 | |a Nuclei, particles, fields, gravitation, and astrophysics | |
| 300 | |a Title screen | ||
| 320 | |a [References: p. 635 (9 tit.)] | ||
| 330 | |a The probability of tunnel decay of quarkonium (bond state of a heavy quark and a heavy antiquark) into free quarks in a strong electric field is estimated. | ||
| 333 | |a Режим доступа: по договору с организацией-держателем ресурса | ||
| 461 | |t Journal of Experimental and Theoretical Physics |o Scientific Journal | ||
| 463 | |t Vol. 126, iss. 5 |v [P. 633-635] |d 2018 | ||
| 610 | 1 | |a электронный ресурс | |
| 610 | 1 | |a труды учёных ТПУ | |
| 610 | 1 | |a кварки | |
| 610 | 1 | |a электрическое поле | |
| 700 | 1 | |a Ishkhanyan |b A. |c physicist |c Associate Scientist of Tomsk Polytechnic University, Doctor of physical and mathematical sciences |f 1960- |g Artur |3 (RuTPU)RU\TPU\pers\36243 | |
| 701 | 1 | |a Kraynov |b V. P. |g Vladimir Pavlovich | |
| 712 | 0 | 2 | |a Национальный исследовательский Томский политехнический университет |b Инженерная школа ядерных технологий |b Отделение экспериментальной физики |3 (RuTPU)RU\TPU\col\23549 |
| 801 | 2 | |a RU |b 63413507 |c 20180703 |g RCR | |
| 856 | 4 | |u https://doi.org/10.1134/S1063776118040039 | |
| 942 | |c CF | ||